Normal view
MARC view
- Noor Ahmad Chishti
Entry Personal Name
001 - CONTROL NUMBER
- control field: 3867
003 - CONTROL NUMBER IDENTIFIER
- control field: NUST
005 - DATE AND TIME OF LATEST TRANSACTION
- control field: 20170809114144.0
008 - FIXED-LENGTH DATA ELEMENTS
- fixed length control field: 170809|| aca||aabn | a|a d
040 ## - CATALOGING SOURCE
- Original cataloging agency: NUST
- Transcribing agency: NUST
100 ## - HEADING--PERSONAL NAME
- Personal name: Noor Ahmad Chishti
670 ## - SOURCE DATA FOUND
- Source citation: Work cat.: (NUST): Noor Ahmad Chishti, Yad gar-e Chishty:, 2004
